| 000 | 00000nam##2200000za#4500 |
| 001 | 9.578014 |
| 003 | CaOODSP |
| 005 | 20210624185903 |
| 007 | cr ||||||||||| |
| 008 | 150406|1984||||xxc|||||o f|0| 0 eng|d |
| 022 | |a1488-5387 |
| 040 | |aCaOODSP|beng |
| 043 | |an-cn--- |
| 086 | 1 |aFs97-4/1764E-PDF |
| 110 | 1 |aCanada. |bDepartment of Fisheries and Oceans. |
| 245 | 12|aA review of the 1983 commercial salmon fisheries on the Queen Charlotte Islands (Areas 1, 2W and 2E) : |h[electronic resource]|bcatch, escapement and management strategies / |cby Lynda Orman and P.E. Sprout. |
| 260 | |aPrince Rupert - British Columbia : |bFisheries and Oceans Canada |cJuly 1984. |
| 300 | |a41p.|bmaps, references, tables |
| 490 | 1 |aCanadian manuscript report of fisheries and aquatic sciences|x1488-5387|vNo. 1764 |
| 500 | |aThe catalogue number (Fs97-4/1764) and ISSN (0706-6473) for the print edition have been incorrectly copied in this electronic publication. |
| 546 | |a(Résumés en français) |
| 590 | |a13-27-Supp|b2013-11-15 |
| 690 | 07|aFisheries|2gcpds |
| 690 | 07|aFisheries management|2gcpds |
| 690 | 07|aSalt water fish|2gcpds |
| 720 | 1 |aSprout, P. E. |
| 720 | 1 |aOrman, Lynda |
| 830 | #0|aCanadian manuscript report of fisheries and aquatic sciences,|x1488-5387|vNo. 1764|w(CaOODSP)9.505211 |
| 856 | 40|ahttp://publications.gc.ca|qPDF|s11.11 MB|uhttps://publications.gc.ca/collections/collection_2013/mpo-dfo/Fs97-4-1764-eng.pdf|yNo. 1764 |